000
00201 a2200097 4500
001
4379
100
_a
Terman,F.E
245
_a
Fundmanetals of radio
260
_a
_b
Mcgrawhill
_c
090
_c
3577
_d
3577
942
_a
NUST-CAE
_c
M
_c
28635
999
_c
239452
_d
239452